Осадительные методы очистки сточных вод; Экология и безопасность в техносфере: современные проблемы и пути решения; Т. 1

Podrobná bibliografie
Parent link:Экология и безопасность в техносфере: современные проблемы и пути решения: сборник трудов Всероссийской научно-практической конференции молодых ученых, аспирантов и студентов, Юрга, 5-6 ноября 2015 г./ Национальный исследовательский Томский политехнический университет (ТПУ), Юргинский технологический институт (ЮТИ) ; под ред. Д. А. Чинахова.— , 2015
Т. 1.— 2015.— [С. 156-158]
Hlavní autor: Саду А.
Korporativní autor: Национальный исследовательский Томский политехнический университет (ТПУ) Юргинский технологический институт (филиал) (ЮТИ) Кафедра безопасности жизнедеятельности, экологии и физического воспитания (БЖДЭФВ)
Další autoři: Торосян В. Ф. Вера Фёдоровна
Shrnutí:Заглавие с титульного экрана
Jazyk:ruština
Vydáno: 2015
Edice:Экологическая и техногенная безопасность
Témata:
On-line přístup:http://earchive.tpu.ru/handle/11683/15166
http://www.lib.tpu.ru/fulltext/c/2015/C52/V1/048.pdf
Médium: MixedMaterials Elektronický zdroj Kapitola
KOHA link:https://koha.lib.tpu.ru/cgi-bin/koha/opac-detail.pl?biblionumber=616929

MARC

LEADER 00000naa2a2200000 4500
001 616929
005 20231102023636.0
035 |a (RuTPU)RU\TPU\conf\15185 
035 |a RU\TPU\conf\15182 
090 |a 616929 
100 |a 20160127d2015 k y0rusy50 ca 
101 0 |a rus 
102 |a RU 
105 |a y z 101zy 
135 |a drgn ---uucaa 
181 0 |a i  
182 0 |a b 
200 1 |a Осадительные методы очистки сточных вод  |f А. Саду, В. Ф. Торосян 
203 |a Текст  |c электронный 
225 1 |a Экологическая и техногенная безопасность 
230 |a 1 компьютерный файл (pdf; 243 Kb) 
300 |a Заглавие с титульного экрана 
320 |a [Библиогр.: с. 158 (2 назв.)] 
337 |a Adobe Reader 
461 1 |0 (RuTPU)RU\TPU\conf\14041  |t Экология и безопасность в техносфере: современные проблемы и пути решения  |o сборник трудов Всероссийской научно-практической конференции молодых ученых, аспирантов и студентов, Юрга, 5-6 ноября 2015 г.  |o в 2 т.  |f Национальный исследовательский Томский политехнический университет (ТПУ), Юргинский технологический институт (ЮТИ) ; под ред. Д. А. Чинахова  |d 2015 
463 0 |0 (RuTPU)RU\TPU\conf\14042  |t Т. 1  |v [С. 156-158]  |d 2015 
610 1 |a труды учёных ТПУ 
610 1 |a электронный ресурс 
610 1 |a осадительные методы 
610 1 |a вода 
610 1 |a сточные воды 
610 1 |a очистка 
700 1 |a Саду  |b А. 
701 1 |a Торосян  |b В. Ф.  |c специалист в области экологии и безопасности жизнедеятельности  |c доцент Юргинского технологического института (филиала) Томского политехнического университета, кандидат педагогических наук  |f 1956-  |g Вера Фёдоровна  |2 stltpush  |3 (RuTPU)RU\TPU\pers\24283  |9 10749 
712 0 2 |a Национальный исследовательский Томский политехнический университет (ТПУ)  |b Юргинский технологический институт (филиал) (ЮТИ)  |b Кафедра безопасности жизнедеятельности, экологии и физического воспитания (БЖДЭФВ)  |h 2240  |2 stltpush  |3 (RuTPU)RU\TPU\col\18930 
801 2 |a RU  |b 63413507  |c 20210211  |g RCR 
856 4 |u http://earchive.tpu.ru/handle/11683/15166 
856 4 |u http://www.lib.tpu.ru/fulltext/c/2015/C52/V1/048.pdf 
942 |c BK